000 00427nam a2200169 a 4500
001 000016760
005 20200929164945.0
008 100310s1918 dr 000 0 spa d
040 _aDO-SdBNP
_bspa
_cBNPHU
082 _axxx
_bR426l
110 1 _aRepública Dominicana
_9447
240 1 3 _a[ leyes, etc.]
245 1 0 _aLey de correo.
260 _aSanto Domingo
_fEscobar
_c1918.
300 _a63 p. ;
_c24 cm.
049 _aBNPD
999 _c16292
_d16292